Republic or Monarchy? - Statistics

General Stats
  • This quiz has been taken 67 times
  • The average score is 22 of 25
Answer Stats
Question Answer % Correct
Pakistan Republic
100%
Mexico Republic
100%
Saudi Arabia Monarchy
97%
Germany Republic
97%
Finland Republic
97%
Chile Republic
97%
Bhutan Monarchy
93%
Spain Monarchy
93%
Denmark Monarchy
93%
Chad Republic
93%
Greece Republic
93%
Namibia Republic
93%
Guyana Republic
90%
Portugal Republic
90%
Liechtenstein Monarchy
87%
Iraq Republic
87%
Norway Monarchy
83%
Morocco Monarchy
80%
Jordan Monarchy
80%
Angola Republic
80%
Indonesia Republic
80%
Japan Monarchy
77%
Mongolia Republic
77%
Malaysia Monarchy
60%
Belize Monarchy
33%
No matching quizzes found
Score Distribution
Percent of People with Each Score
Percentile by Number Answered
Your Score History
You have not taken this quiz